[Event "AUT-chT 1718"]
[Site "Austria"]
[Date "2017.11.17"]
[Round "2.6"]
[White "Fleischhacker, Christian"]
[Black "Webersberger, Johann"]
[Result "0-1"]
[WhiteElo "1839"]
[BlackElo "2338"]
[PlyCount "44"]
[EventDate "2017.11.16"]
[EventType "team-tourn"]
[EventRounds "11"]
[EventCountry "AUT"]
[SourceTitle "CBM 181 Extra"]
[Source "ChessBase"]
[SourceDate "2017.12.12"]
[SourceVersion "1"]
[SourceVersionDate "2017.12.12"]
[SourceQuality "1"]
[WhiteTeam "Pamhagen"]
[BlackTeam "Grieskirchen/Schallerbach"]
[WhiteTeamCountry "AUT"]
[BlackTeamCountry "AUT"]

1. e4 g6 2. d4 Bg7 3. Nf3 d6 4. h3 Nf6 5. Nc3 0-0 6. Bc4 c6 7. a4 d5 8. exd5 cxd5 9. Bd3 Nc6 10. 0-0 Nb4 11. Bf4 Nxd3 12. Qxd3 a6 13. Rfe1 Bf5 14. Qd2 Rc8 15. Rac1 Qb6 16. b3 Qa5 17. Re3 Nh5 18. Be5 f6 19. Nb1 Qxd2 20. Nbxd2 fxe5 21. g4 e4 22. Ne5 Bh6 0-1